LIBRARY & INFORMATION CENTRE, KCAET, TAVANUR

ONLINE PUBLIC ACCESS CATALOGUE (OPAC)

Management information systems: Organisation and technology / (Record no. 10766)

MARC details
000 -LEADER
fixed length control field 00554cam a2200193ua 4500
020 ## - INTERNATIONAL STANDARD BOOK NUMBER
ISBN 81-203-1282-1
041 ## - LANGUAGE CODE
Language code of text/sound track or separate title eng
082 ## - DEWEY DECIMAL CLASSIFICATION NUMBER
Classification number 658.403801
Item number LAU/MA
100 ## - MAIN ENTRY--AUTHOR NAME
Personal name Lauden, Kenneth C.
245 ## - TITLE STATEMENT
Title Management information systems: Organisation and technology /
250 ## - EDITION STATEMENT
Edition statement 4 /
260 ## - PUBLICATION, DISTRIBUTION, ETC. (IMPRINT)
Place of publication New Delhi :
Name of publisher Prentice Hall of India Pvt Ltd. ,
Year of publication 2002.
300 ## - PHYSICAL DESCRIPTION
Number of Pages 815 ; .
700 1# - ADDED ENTRY--PERSONAL NAME
Personal name Lauden, Jean Price .
942 ## - ADDED ENTRY ELEMENTS (KOHA)
Koha item type Books
Holdings
Withdrawn status Lost status Damaged status Home library Current library Date acquired Full call number Accession Number Koha item type
      KAUAET KAUAET 07/04/2012 658.403801 20627 Books
free website counter